Brazil 2026 FIFA World Cup Squad - Statistics

General Stats
  • This quiz has been taken 127 times
  • The average score is 18 of 27
Answer Stats
# Position Player % Correct
GK Alisson Becker
99%
FW Neymar
98%
GK Ederson Moraes
96%
FW Vinícius Júnior
93%
DF Marquinhos
91%
© MF Casemiro
88%
Manager Carlo Ancelotti
81%
FW Raphinha
80%
DF Gabriel Magalhães
74%
FW Gabriel Martinelli
74%
MF Bruno Guimarães
73%
GK Weverton
70%
FW Endrick
67%
DF Bremer
64%
DF Alex Sandro
63%
FW Igor Thiago
60%
MF Lucas Paquetá
58%
FW Matheus Cunha
57%
MF Fabinho
56%
DF Douglas Santos
51%
MF Danilo Santos
49%
FW Luiz Henrique
46%
DF Danilo Luiz
44%
FW Rayan
44%
DF Wesley
44%
DF Léo Pereira
36%
DF Roger Ibañez
27%
No matching quizzes found
Score Distribution
Percent of People with Each Score
Percentile by Number Answered
Your Score History
You have not taken this quiz